Every Country by Vehicle License Plate Picture - Statistics

General Stats
  • This quiz has been taken 43 times
  • The average score is 162 of 196
Answer Stats
Picture Hint Answer % Correct
Europe Albania
94%
Oceania Fiji
94%
Europe Moldova
94%
Oceania Nauru
94%
Africa Angola
91%
Asia Azerbaijan
91%
North America Bahamas
91%
South America Bolivia
91%
North America Canada
91%
South America Chile
91%
Asia Cyprus
91%
Europe Denmark
91%
Europe France
91%
Africa Ghana
91%
Europe Hungary
91%
Asia Iran
91%
Asia Jordan
91%
Africa Lesotho
91%
Oceania Marshall Islands
91%
Europe Monaco
91%
Europe Netherlands
91%
Europe Norway
91%
Europe Poland
91%
Africa Senegal
91%
Europe Slovakia
91%
Africa Sudan
91%
South America Suriname
91%
Europe Switzerland
91%
Africa Togo
91%
Oceania Tuvalu
91%
Africa Uganda
91%
Asia United Arab Emirates
91%
Africa Algeria
88%
Europe Andorra
88%
North America Antigua and Barbuda
88%
South America Argentina
88%
Asia Armenia
88%
Europe Austria
88%
Asia Bahrain
88%
Europe Belarus
88%
Europe Belgium
88%
North America Belize
88%
Africa Benin
88%
South America Brazil
88%
Europe Bulgaria
88%
Africa Burundi
88%
Africa Cameroon
88%
Africa Cape Verde
88%
South America Colombia
88%
North America Costa Rica
88%
Europe Croatia
88%
North America Cuba
88%
Europe Czech Republic
88%
Africa Democratic Republic of the Congo
88%
North America Dominican Republic
88%
South America Ecuador
88%
Africa Egypt
88%
North America El Salvador
88%
Europe Estonia
88%
Oceania Federated States of Micronesia
88%
Europe Finland
88%
Africa Gabon
88%
Africa Gambia
88%
Asia Georgia
88%
Europe Germany
88%
North America Guatemala
88%
Africa Guinea-Bissau
88%
North America Haiti
88%
North America Honduras
88%
Europe Iceland
88%
Asia India
88%
Europe Ireland
88%
Asia Israel
88%
Asia Japan
88%
Asia Kazakhstan
88%
Europe Kosovo
88%
Asia Kuwait
88%
Asia Kyrgyzstan
88%
Europe Latvia
88%
Asia Lebanon
88%
Africa Liberia
88%
Europe Lithuania
88%
Africa Madagascar
88%
Africa Malawi
88%
North America Mexico
88%
Europe Montenegro
88%
Asia Nepal
88%
North America Nicaragua
88%
Africa Nigeria
88%
North America Panama
88%
Oceania Papua New Guinea
88%
South America Paraguay
88%
South America Peru
88%
Europe Portugal
88%
Asia Qatar
88%
Africa Republic of the Congo
88%
Europe Romania
88%
Europe Russia
88%
Oceania Samoa
88%
Europe San Marino
88%
Europe Serbia
88%
Europe Slovenia
88%
Oceania Solomon Islands
88%
Africa Somalia
88%
Africa South Sudan
88%
Asia Syria
88%
Asia Tajikistan
88%
Africa Tanzania
88%
Oceania Tonga
88%
Asia Turkmenistan
88%
Europe Ukraine
88%
Europe United Kingdom
88%
South America Uruguay
88%
Asia Uzbekistan
88%
Oceania Vanuatu
88%
South America Venezuela
88%
Oceania Australia
85%
Asia Cambodia
85%
Asia China
85%
Africa Comoros
85%
Africa Guinea
85%
Europe Italy
85%
Africa Ivory Coast
85%
Africa Kenya
85%
Europe Liechtenstein
85%
Europe Luxembourg
85%
Africa Mauritania
85%
Africa Niger
85%
Asia North Korea
85%
Europe North Macedonia
85%
Asia Pakistan
85%
Africa Sierra Leone
85%
Africa South Africa
85%
Europe Spain
85%
Europe Sweden
85%
Asia Turkey
85%
North America United States
85%
Africa Zimbabwe
85%
Europe Bosnia and Herzegovina
82%
Africa Burkina Faso
82%
Africa Ethiopia
82%
Europe Greece
82%
Asia Mongolia
82%
Oceania Palau
82%
Asia Saudi Arabia
82%
Asia South Korea
82%
Asia Thailand
82%
Africa Zambia
82%
Asia Afghanistan
79%
Asia Bhutan
79%
Africa Chad
79%
Asia Iraq
79%
Asia Laos
79%
Europe Malta
79%
Africa Central African Republic
76%
Africa Tunisia
76%
South America Guyana
74%
Africa Mozambique
74%
Asia Oman
74%
North America Barbados
71%
Africa Djibouti
71%
Oceania Kiribati
71%
Africa Libya
71%
Europe Vatican City
71%
Asia Yemen
71%
Asia Bangladesh
68%
North America Grenada
68%
North America Saint Kitts and Nevis
68%
North America Saint Lucia
68%
North America Dominica
65%
Africa Equatorial Guinea
65%
Africa Eritrea
65%
Africa Eswatini
65%
Africa Namibia
65%
Oceania New Zealand
65%
North America Saint Vincent and the Grenadines
65%
North America Trinidad and Tobago
65%
Asia Malaysia
62%
Africa Morocco
62%
Africa São Tomé and Príncipe
62%
Africa Seychelles
62%
Africa Botswana
59%
North America Jamaica
59%
Asia Myanmar
59%
Asia Singapore
59%
Asia Brunei
56%
Asia Maldives
56%
Africa Mauritius
56%
Africa Rwanda
56%
Asia Sri Lanka
56%
Asia East Timor
53%
Africa Mali
53%
Asia Taiwan
53%
Asia Indonesia
50%
Asia Philippines
50%
Asia Vietnam
50%
No matching quizzes found
Score Distribution
Percent of People with Each Score
Percentile by Number Answered
Your Score History
You have not taken this quiz